Laws for business / (Record no. 78891)

MARC details
000 -LEADER
fixed length control field 00636nam a22002177a 4500
005 - DATE AND TIME OF LATEST TRANSACTION
control field 20130902152205.0
010 ## - LCCN (DPL NO)
LC control number ENG-108397
020 ## - INTERNATIONAL STANDARD BOOK NUMBER
Terms of availability 375.00
International Standard Book Number 9788120348257
035 ## - SYSTEM CONTROL NUMBER
System control number EN-91930
037 ## - SOURCE OF ACQUISITION
Source of stock number/acquisition DBAD/PUB
082 ## - DEWEY DECIMAL CLASSIFICATION NUMBER
Classification number 346.07
100 ## - MAIN ENTRY--PERSONAL NAME
Personal name Sulphey, M.M.
245 00 - TITLE STATEMENT
Title Laws for business /
Statement of responsibility, etc by M.M. Sulphey [and] Az-har Basheer
250 ## - EDITION STATEMENT
Edition statement 2nd ed
260 ## - PUBLICATION, DISTRIBUTION, ETC. (IMPRINT)
Place of publication, distribution, etc Delhi
Name of publisher, distributor, etc PHI Learning
Date of publication, distribution, etc 2013
270 ## - ADDRESS
Address Rimjhim house,111, Patparganj Industrial Estate
City Delhi
Postal code 110092
300 ## - PHYSICAL DESCRIPTION
Extent xxi,429p. :
Dimensions 24cm(pbk)
Other physical details ill.
500 ## - GENERAL NOTE
General note Includes index
700 ## - ADDED ENTRY--PERSONAL NAME
Personal name Basheer, Az-har
942 ## - ADDED ENTRY ELEMENTS (KOHA)
Source of classification or shelving scheme Dewey Decimal Classification
Item type English Books
Call number suffix SUL
Classification part 346.07
Holdings
Withdrawn status Lost status Not for loan Collection code Home library Current library Date acquired Source of acquisition Cost, normal purchase price Full call number Barcode Copy number Cost, replacement price Koha item type
    Not For Loan Non-fiction D.B.Act.Division D.B.Act.Division 29/08/2013 DBAD/PUB 375.00 346.07 SUL EN-91930 1 375.00 English Books

© Delhi Public Library
Hit Counter
free hit counter